[Event "DEM U16w 2017"]
[Site "Willingen GER"]
[Date "2017.06.04"]
[Round "2"]
[White "Fricke, Edna Marlene"]
[Black "Voß, Henrike"]
[Result "1/2-1/2"]
[Termination "normal"]
[Board "11"]
[WhiteElo "1356"]
[BlackElo "1620"]
[WhiteClock "00:14:36"]
[BlackClock "00:03:39"]
[PlyCount "137"]
[WhiteFideId "12988839"]
[BlackFideId "12971910"]
[EventCountry "GER"]
[EventRounds "9"]
[EventType "swiss"]
[EventDate "2017.06.03"]

1. e4 e5 2. Nf3 Nc6 3. Bc4 Nf6 4. d3 Bc5 5. c3 d6 6. Nbd2 O-O 7. a4 a6 8. Bb3
Ba7 9. O-O Ne7 10. Re1 Ng6 11. Nf1 Ng4 12. Be3 Nxe3 13. Nxe3 Nf4 14. Nd5 Nxd5
15. Bxd5 c6 16. Ba2 Bg4 17. d4 Qf6 18. dxe5 dxe5 19. Qe2 b5 20. axb5 axb5 21.
b4 Rfd8 22. Rad1 Bxf3 23. Qxf3 Bxf2+ 24. Qxf2 Qxf2+ 25. Kxf2 Rxa2+ 26. Kg1 Rad2
27. Rxd2 Rxd2 28. Ra1 Kf8 29. Ra6 Rd6 30. Kf2 Ke7 31. Ke3 Ke6 32. Ra1 g6 33. g4
Rd7 34. Rf1 f6 35. Rf3 Rd1 36. Ke2 Rg1 37. h3 Rg2+ 38. Ke1 Rh2 39. Kf1 Ke7 40.
Ke1 Ke6 41. Kf1 Rd2 42. Ke1 Rd6 43. Ke2 g5 44. Ke1 Kd7 45. Ke2 Kc7 46. Rf1 Kb6
47. Rb1 c5 48. bxc5+ Kxc5 49. Rb4 Rd7 50. Rb3 Kc4 51. Rb4+ Kxc3 52. Rxb5 Rd2+
53. Kf1 Rd3 54. Kg2 Kd4 55. Rb4+ Ke3 56. Rb6 Kxe4 57. Rxf6 Rd2+ 58. Kg3 Rd3+
59. Kg2 Rd2+ 60. Kg3 Rd7 61. Ra6 Re7 62. Ra4+ Kd5 63. Kf3 Rc7 64. Ra5+ Kd6 65.
Ra3 h6 66. Ke4 Rc4+ 67. Kf5 e4 68. Ra6+ Kd5 69. Ra1 1/2-1/2

[Event "DEM U16w 2017"]
[Site "Willingen GER"]
[Date "2017.06.04"]
[Round "2"]
[White "Kolb, Verena"]
[Black "Pietsch, Virginia-Atlanta"]
[Result "1-0"]
[Termination "normal"]
[Board "12"]
[WhiteElo "1673"]
[BlackElo "1065"]
[WhiteClock "00:25:07"]
[BlackClock "01:16:45"]
[PlyCount "91"]
[WhiteFideId "12992313"]
[BlackFideId "16235053"]
[EventCountry "GER"]
[EventRounds "9"]
[EventType "swiss"]
[EventDate "2017.06.03"]

1. e4 c5 2. Nc3 e6 3. g3 a6 4. Bg2 b5 5. Qe2 Bb7 6. d3 Qc7 7. Be3 Nf6 8. h3 Be7
9. Qd2 O-O 10. Nge2 d6 11. O-O Nbd7 12. f4 Rab8 13. f5 b4 14. Nd1 d5 15. fxe6
fxe6 16. exd5 Nxd5 17. Nf4 Nxf4 18. Bxf4 Bd6 19. Bxd6 Qxd6 20. Qe3 Bxg2 21.
Kxg2 Qd5+ 22. Qe4 Rxf1 23. Kxf1 Rf8+ 24. Nf2 Qxe4 25. dxe4 Ne5 26. a3 a5 27.
axb4 axb4 28. Ra6 b3 29. Ra5 bxc2 30. Rxc5 Nd3 31. Rxc2 Rf3 32. g4 Nxf2 33.
Rxf2 Rxh3 34. Ke2 Rb3 35. Kd1 Rb4 36. Re2 Kf7 37. Kc2 g6 38. g5 Ke7 39. Kc3 Rb5
40. e5 Kd7 41. Kc4 Kc6 42. Rc2 Rxe5 43. Kd4+ Kd6 44. Rc6+ Kxc6 45. Kxe5 Kd7 46.
b4 1-0

[Event "DEM U16w 2017"]
[Site "Willingen GER"]
[Date "2017.06.05"]
[Round "3"]
[White "Köhler, Inken"]
[Black "Manco, Michela"]
[Result "1-0"]
[Termination "normal"]
[Board "1"]
[WhiteElo "1870"]
[BlackElo "1677"]
[WhiteClock "00:05:54"]
[BlackClock "00:06:25"]
[PlyCount "67"]
[WhiteFideId "12929301"]
[BlackFideId "12943908"]
[EventCountry "GER"]
[EventRounds "9"]
[EventType "swiss"]
[EventDate "2017.06.03"]

1. e4 e5 2. Nf3 Nc6 3. Bc4 Bc5 4. b4 Bxb4 5. c3 Be7 6. d4 exd4 7. Qb3 Na5 8.
Bxf7+ Kf8 9. Qa4 Kxf7 10. Qxa5 dxc3 11. Qd5+ Kf8 12. Ne5 Qe8 13. O-O Nf6 14.
Qc4 d6 15. f4 Bd8 16. Ba3 Be6 17. Qb4 Rb8 18. Nxc3 c5 19. Qb1 Bb6 20. Qd1 Rd8
21. Qe2 Kg8 22. Nc4 Bc7 23. Ne3 a6 24. Rad1 Ba5 25. Ncd5 Bxd5 26. Nxd5 b5 27.
Bb2 Nxd5 28. Rxd5 h6 29. Qg4 Rd7 30. Rxd6 Rf7 31. Rxa6 Bc7 32. f5 Be5 33. Re6
Re7 34. Bxe5 1-0

[Event "DEM U16w 2017"]
[Site "Willingen GER"]
[Date "2017.06.05"]
[Round "3"]
[White "Schulze, Lara"]
[Black "Mönster, Madita"]
[Result "1-0"]
[Termination "normal"]
[Board "2"]
[WhiteTitle "WFM"]
[WhiteElo "2171"]
[BlackElo "1762"]
[WhiteClock "00:01:01"]
[BlackClock "00:00:32"]
[PlyCount "77"]
[WhiteFideId "12956830"]
[BlackFideId "12947156"]
[EventCountry "GER"]
[EventRounds "9"]
[EventType "swiss"]
[EventDate "2017.06.03"]

1. e4 c5 2. Nf3 Nc6 3. d4 cxd4 4. Nxd4 Nf6 5. Nc3 d6 6. Bg5 e6 7. Qd2 a6 8.
O-O-O Bd7 9. f4 b5 10. Bxf6 gxf6 11. Nxc6 Bxc6 12. Bd3 Qb6 13. Kb1 O-O-O 14. f5
h5 15. Ne2 Bh6 16. Qe1 Kb8 17. fxe6 fxe6 18. Rf1 f5 19. Nf4 Bxf4 20. Rxf4 fxe4
21. Bxe4 e5 22. Rf6 Bxe4 23. Qxe4 Rhf8 24. Rxf8 Rxf8 25. b3 Rf4 26. Qg6 Rd4 27.
Qxh5 Rxd1+ 28. Qxd1 Kc7 29. h4 Qf2 30. Qg4 Qe1+ 31. Kb2 e4 32. h5 e3 33. h6 e2
34. Qg7+ Kc6 35. h7 Qd2 36. h8=Q e1=Q 37. Qc3+ Kd5 38. Qh5+ Ke4 39. Qhf3# 1-0

[Event "DEM U16w 2017"]
[Site "Willingen GER"]
[Date "2017.06.05"]
[Round "3"]
[White "Reinecke, Katharina"]
[Black "Mütsch, Annmarie"]
[Result "1/2-1/2"]
[Termination "normal"]
[Board "3"]
[WhiteElo "1911"]
[BlackElo "2124"]
[WhiteClock "00:23:54"]
[BlackClock "00:11:45"]
[PlyCount "96"]
[WhiteFideId "12929727"]
[BlackFideId "12971367"]
[EventCountry "GER"]
[EventRounds "9"]
[EventType "swiss"]
[EventDate "2017.06.03"]

1. d4 Nf6 2. c4 e6 3. g3 c5 4. Nf3 cxd4 5. Nxd4 Qc7 6. b3 Bb4+ 7. Bd2 Bc5 8. e3
b6 9. Bg2 Bb7 10. Nf3 d5 11. cxd5 Nxd5 12. O-O O-O 13. Qc1 Qe7 14. Nc3 Nd7 15.
Nxd5 Bxd5 16. Qb2 Rac8 17. b4 Bd6 18. Rac1 Qd8 19. Bc3 Nf6 20. a3 Qe7 21. Be5
Bxe5 22. Qxe5 Qb7 23. Nh4 Bxg2 24. Nxg2 Qa6 25. Qb2 Nd5 26. Nf4 Nxf4 27. exf4
h6 28. Rfd1 Rfd8 29. Rxc8 Qxc8 30. Rxd8+ Qxd8 31. Qc2 Qd7 32. h4 Kf8 33. Kh2 f5
34. Kg1 Ke7 35. Kh2 Kd8 36. Kg1 Qc7 37. Qd3+ Ke7 38. Qd2 Qc6 39. Qb2 Kf7 40.
Kh2 Qc4 41. Kg1 Qc7 42. Qd2 Ke8 43. Kh2 Qd7 44. Qc2 Kd8 45. Kg1 Qc7 46. Qd2+
Kc8 47. Kh2 Kb7 48. Kg1 Kc8 1/2-1/2

[Event "DEM U16w 2017"]
[Site "Willingen GER"]
[Date "2017.06.05"]
[Round "3"]
[White "Ratay, Meike"]
[Black "Mundt, Alexandra"]
[Result "1-0"]
[Termination "normal"]
[Board "5"]
[WhiteElo "1767"]
[BlackElo "1391"]
[WhiteClock "00:14:22"]
[BlackClock "00:27:10"]
[PlyCount "87"]
[WhiteFideId "12977608"]
[BlackFideId "16217276"]
[EventCountry "GER"]
[EventRounds "9"]
[EventType "swiss"]
[EventDate "2017.06.03"]

1. e4 e5 2. Nf3 Nc6 3. Bc4 Bc5 4. c3 Nf6 5. d4 exd4 6. O-O Nxe4 7. cxd4 Bb6 8.
d5 Ne7 9. Qe2 Nd6 10. Bd3 O-O 11. Bxh7+ Kh8 12. Qe5 Ndf5 13. Bxf5 Nxf5 14. Qxf5
d6 15. Qh5+ Kg8 16. Nc3 Bd7 17. b3 Qf6 18. Bb2 Qd8 19. Na4 c6 20. Nxb6 axb6 21.
Rfe1 Ra5 22. Red1 Qe7 23. b4 Rb5 24. Bc3 Qd8 25. a4 Rxd5 26. Rxd5 cxd5 27. Qxd5
Bc6 28. Qh5 Bxf3 29. Qxf3 Qc7 30. Bd4 Rc8 31. g3 f6 32. Qd5+ Kf8 33. Qb5 Qe7
34. Bxb6 Kf7 35. Rd1 Rc6 36. a5 Qd7 37. Qd5+ Kf8 38. b5 Rc2 39. Qxd6+ Qxd6 40.
Rxd6 Ke7 41. Rd8 Rb2 42. Rb8 Rxb5 43. Rxb7+ Kf8 44. a6 1-0

[Event "DEM U16w 2017"]
[Site "Willingen GER"]
[Date "2017.06.05"]
[Round "3"]
[White "Flach, Helene"]
[Black "Walow, Xenia"]
[Result "1/2-1/2"]
[Termination "normal"]
[Board "6"]
[WhiteElo "1870"]
[BlackElo "1704"]
[WhiteClock "00:16:25"]
[BlackClock "00:46:34"]
[PlyCount "49"]
[WhiteFideId "12929735"]
[BlackFideId "12971839"]
[EventCountry "GER"]
[EventRounds "9"]
[EventType "swiss"]
[EventDate "2017.06.03"]

1. e4 c5 2. Nf3 d6 3. c3 Nf6 4. Be2 Nbd7 5. d3 e6 6. O-O Be7 7. Nbd2 O-O 8. Re1
a6 9. d4 cxd4 10. cxd4 b5 11. Bd3 Bb7 12. Nf1 Rc8 13. Ng3 Nb6 14. Qe2 Nc4 15.
Bf4 Qd7 16. Rac1 Nb6 17. Bb1 Rc6 18. Rxc6 Qxc6 19. Rc1 Qd7 20. b3 Rc8 21. Rxc8+
Qxc8 22. Qd3 g6 23. h3 Bf8 24. Qd2 Nbd7 25. Qd3 1/2-1/2

[Event "DEM U16w 2017"]
[Site "Willingen GER"]
[Date "2017.06.05"]
[Round "3"]
[White "Reitz, Theresa"]
[Black "Browning, Rebecca"]
[Result "0-1"]
[Termination "normal"]
[Board "7"]
[WhiteElo "1705"]
[BlackElo "1777"]
[WhiteClock "00:02:27"]
[BlackClock "00:12:24"]
[PlyCount "138"]
[WhiteFideId "12971901"]
[BlackFideId "12984027"]
[EventCountry "GER"]
[EventRounds "9"]
[EventType "swiss"]
[EventDate "2017.06.03"]

1. e4 e6 2. d4 d5 3. e5 c5 4. c3 Bd7 5. Nf3 Nc6 6. a3 f6 7. Be2 fxe5 8. Nxe5
Nxe5 9. dxe5 Qc7 10. Bf4 O-O-O 11. Nd2 h6 12. Bg3 g5 13. h4 gxh4 14. Bxh4 Be7
15. Bg3 Rf8 16. Nf3 Bd8 17. Qd2 Ba4 18. Bf4 h5 19. g3 Qg7 20. Qe3 Qc7 21. Ng5
Bxg5 22. Bxg5 Ne7 23. Bxe7 Qxe7 24. Rxh5 Kb8 25. Bf3 Qf7 26. Rxh8 Rxh8 27. Kd2
Rf8 28. Be2 Qxf2 29. Qh6 Bb5 30. Re1 Bxe2 31. Rxe2 Qf5 32. Qe3 Qb1 33. Qxc5
Qxb2+ 34. Kd3 Qb1+ 35. Kd2 Qf5 36. Qe3 Qb1 37. Qc5 Rc8 38. Qd6+ Ka8 39. Qb4 Qg1
40. Qg4 Qb6 41. Qb4 Qc7 42. Qd4 Qg7 43. Qe3 Qf8 44. a4 Qe8 45. Qh6 Qxa4 46.
Qxe6 Qa2+ 47. Ke1 Qa1+ 48. Kf2 Qxc3 49. Qxd5 Rf8+ 50. Kg2 a6 51. Ra2 Ka7 52.
Re2 Qc1 53. Qd4+ Ka8 54. Rf2 Rh8 55. Rf1 Qc6+ 56. Rf3 Qc1 57. Rf1 Qh6 58. Qc5
Qh2+ 59. Kf3 Rg8 60. g4 Qh3+ 61. Kf2 Qxg4 62. Ke1 Qe4+ 63. Kd2 Rd8+ 64. Kc1 Qh4
65. Rf2 Qh6+ 66. Kb2 Qe6 67. Rf6 Qc8 68. Qa5 Rd1 69. Qb4 Qc1+ 0-1

[Event "DEM U16w 2017"]
[Site "Willingen GER"]
[Date "2017.06.05"]
[Round "3"]
[White "Kolb, Verena"]
[Black "Nguyen, Ha Thanh"]
[Result "1/2-1/2"]
[Termination "normal"]
[Board "8"]
[WhiteElo "1673"]
[BlackElo "1775"]
[WhiteClock "00:24:00"]
[BlackClock "00:39:24"]
[PlyCount "85"]
[WhiteFideId "12992313"]
[BlackFideId "12942154"]
[EventCountry "GER"]
[EventRounds "9"]
[EventType "swiss"]
[EventDate "2017.06.03"]

1. e4 c5 2. Nc3 Nc6 3. g3 g6 4. Bg2 Bg7 5. d3 d6 6. Be3 Qa5 7. Qd2 Nd4 8. Nd5
Nxc2+ 9. Kd1 Qxd2+ 10. Bxd2 Nxa1 11. Nc7+ Kd8 12. Nxa8 Bxb2 13. Ba5+ Kd7 14.
Ne2 b6 15. Nxb6+ axb6 16. Bxb6 e6 17. Ba5 Ne7 18. Bc3 Bxc3 19. Nxc3 Nc6 20. Kd2
Nc2 21. Kxc2 Nd4+ 22. Kd2 Ba6 23. Rb1 Kc7 24. Ne2 Nxe2 25. Kxe2 Rb8 26. Rxb8
Kxb8 27. Kd2 Ka7 28. Bf3 Kb6 29. Bd1 Ka5 30. Kc3 Bb5 31. Bb3 Bc6 32. f4 Bd7 33.
g4 h6 34. f5 g5 35. f6 Be8 36. d4 cxd4+ 37. Kxd4 Kb4 38. h3 Bd7 39. Bc4 Be8 40.
Bb3 Bd7 41. Bc4 Be8 42. e5 dxe5+ 43. Kd3 1/2-1/2

[Event "DEM U16w 2017"]
[Site "Willingen GER"]
[Date "2017.06.05"]
[Round "3"]
[White "Weimert, Miriam"]
[Black "Kobald, Jacqueline"]
[Result "0-1"]
[Termination "normal"]
[Board "9"]
[WhiteElo "1841"]
[BlackElo "1693"]
[WhiteClock "00:02:16"]
[BlackClock "00:09:04"]
[PlyCount "62"]
[WhiteFideId "12966703"]
[BlackFideId "12988162"]
[EventCountry "GER"]
[EventRounds "9"]
[EventType "swiss"]
[EventDate "2017.06.03"]

1. e4 c5 2. Nc3 Nc6 3. f4 g6 4. Nf3 Bg7 5. Bc4 e6 6. e5 d6 7. exd6 Qxd6 8. d3
Nge7 9. Be3 b6 10. O-O O-O 11. Qe1 Nf5 12. Bd2 Nfd4 13. Nxd4 Nxd4 14. Ne4 Qc6
15. Qh4 Bb7 16. Rf2 h6 17. Nf6+ Kh8 18. Ng4 Nf5 19. Qh3 b5 20. Bb3 c4 21. dxc4
bxc4 22. Ne5 Bxe5 23. fxe5 Kg7 24. Rxf5 exf5 25. Bxh6+ Kg8 26. Bxf8 Rxf8 27.
Rf1 cxb3 28. cxb3 Qc5+ 29. Kh1 Qxe5 30. Qc3 Qxc3 31. bxc3 Rd8 0-1

[Event "DEM U16w 2017"]
[Site "Willingen GER"]
[Date "2017.06.05"]
[Round "3"]
[White "Ehmann, Johanna"]
[Black "Fricke, Edna Marlene"]
[Result "1-0"]
[Termination "normal"]
[Board "10"]
[WhiteElo "1777"]
[BlackElo "1356"]
[WhiteClock "00:52:23"]
[BlackClock "00:26:55"]
[PlyCount "75"]
[WhiteFideId "12953130"]
[BlackFideId "12988839"]
[EventCountry "GER"]
[EventRounds "9"]
[EventType "swiss"]
[EventDate "2017.06.03"]

1. e4 c5 2. Nf3 Nc6 3. d4 cxd4 4. Nxd4 g6 5. Nc3 Bg7 6. Be3 Nf6 7. Bc4 Qa5 8.
f3 O-O 9. Bb3 e6 10. Qd2 d5 11. exd5 Nxd5 12. Bxd5 exd5 13. O-O-O Be6 14. Kb1
Qb4 15. h4 Rfd8 16. h5 Nxd4 17. Bxd4 Qxd4 18. Qxd4 Bxd4 19. Rxd4 a6 20. hxg6
fxg6 21. Rhd1 b5 22. Nxd5 Bxd5 23. Rxd5 Rxd5 24. Rxd5 Re8 25. a4 bxa4 26. c4 a3
27. bxa3 Re1+ 28. Kc2 Re2+ 29. Rd2 Rxd2+ 30. Kxd2 Kf7 31. Ke3 Ke6 32. Ke4 Kd6
33. Kd4 Kc6 34. c5 a5 35. a4 g5 36. Kc4 h5 37. Kd4 g4 38. fxg4 1-0

[Event "DEM U16w 2017"]
[Site "Willingen GER"]
[Date "2017.06.05"]
[Round "3"]
[White "Voß, Henrike"]
[Black "Cejda, Cecilia"]
[Result "0-1"]
[Termination "normal"]
[Board "11"]
[WhiteElo "1620"]
[BlackElo "1755"]
[WhiteClock "00:03:44"]
[BlackClock "00:07:54"]
[PlyCount "104"]
[WhiteFideId "12971910"]
[BlackFideId "12921122"]
[EventCountry "GER"]
[EventRounds "9"]
[EventType "swiss"]
[EventDate "2017.06.03"]

1. e4 c5 2. Nf3 d6 3. Bb5+ Nd7 4. O-O a6 5. Bxd7+ Bxd7 6. Re1 Nf6 7. d4 cxd4 8.
Nxd4 e6 9. c4 Qc7 10. b3 Bc6 11. Nc3 Be7 12. Bb2 O-O 13. Rc1 Qd7 14. Kh1 Rac8
15. f4 Rfd8 16. Nxc6 Qxc6 17. Qf3 Nd7 18. Ne2 Bf6 19. Bxf6 Nxf6 20. Nd4 Qc5 21.
Rcd1 b5 22. cxb5 axb5 23. h3 Qb6 24. Qd3 b4 25. Rc1 Qb7 26. Rxc8 Rxc8 27. Nb5
Qa6 28. Rd1 d5 29. exd5 Nxd5 30. Rd2 Rb8 31. Nd4 Qxd3 32. Rxd3 Nxf4 33. Rd2 Rd8
34. Nf3 Rxd2 35. Nxd2 Nd3 36. Nc4 Nc1 37. a3 bxa3 38. Nxa3 Nxb3 39. Nc4 Kf8 40.
Kg1 Ke7 41. Kf2 Nc5 42. Ke3 f6 43. Kd4 Nd7 44. Ke4 f5+ 45. Kf4 Kf6 46. Ne3 e5+
47. Kf3 f4 48. Ng4+ Kf5 49. Nf2 Nc5 50. g4+ fxg3 51. Kxg3 Ne4+ 52. Nxe4 Kxe4
0-1

[Event "DEM U16w 2017"]
[Site "Willingen GER"]
[Date "2017.06.05"]
[Round "3"]
[White "Lücke, Kristina"]
[Black "Pietsch, Virginia-Atlanta"]
[Result "1-0"]
[Termination "normal"]
[Board "12"]
[WhiteElo "1445"]
[BlackElo "1065"]
[WhiteClock "00:54:55"]
[BlackClock "00:46:45"]
[PlyCount "31"]
[WhiteFideId "16201248"]
[BlackFideId "16235053"]
[EventCountry "GER"]
[EventRounds "9"]
[EventType "swiss"]
[EventDate "2017.06.03"]

1. e4 c5 2. Nf3 e6 3. g3 a6 4. Bg2 b5 5. O-O Bb7 6. Re1 d6 7. d4 cxd4 8. Nxd4
Nd7 9. a4 b4 10. c3 bxc3 11. Nxc3 Ngf6 12. e5 Bxg2 13. exf6 Bb7 14. fxg7 Bxg7
15. Nf5 Bxc3 16. Nxd6+ 1-0

[Event "DEM U16w 2017"]
[Site "Willingen GER"]
[Date "2017.06.06"]
[Round "4"]
[White "Poetsch, Leonore"]
[Black "Köhler, Inken"]
[Result "1-0"]
[Termination "normal"]
[Board "1"]
[WhiteElo "1959"]
[BlackElo "1870"]
[WhiteClock "00:09:21"]
[BlackClock "00:01:43"]
[PlyCount "77"]
[WhiteFideId "12940372"]
[BlackFideId "12929301"]
[EventCountry "GER"]
[EventRounds "9"]
[EventType "swiss"]
[EventDate "2017.06.03"]

1. e4 {[%clk 1:30:56]} 1... c5 {[%clk 1:30:54]} 2. Nf3 {[%clk 1:31:21]} 2...
Nc6 {[%clk 1:31:17]} 3. d4 {[%clk 1:31:34]} 3... cxd4 {[%clk 1:31:41]} 4. Nxd4
{[%clk 1:32:01]} 4... e6 {[%clk 1:31:49]} 5. Be3 {[%clk 1:31:44]} 5... a6 {
[%clk 1:31:14]} 6. Nd2 {[%clk 1:30:24]} 6... Qc7 {[%clk 1:28:46]} 7. c3 { [%clk
1:29:42]} 7... Nf6 {[%clk 1:28:03]} 8. Bd3 {[%clk 1:28:17]} 8... Be7 { [%clk
1:26:56]} 9. O-O {[%clk 1:28:04]} 9... O-O {[%clk 1:26:14]} 10. f4 { [%clk
1:23:59]} 10... d6 {[%clk 1:25:44]} 11. h3 {[%clk 1:15:48]} 11... e5 { [%clk
1:17:59]} 12. Nxc6 {[%clk 1:14:01]} 12... Qxc6 {[%clk 1:17:41]} 13. Qc2 { [%clk
1:07:20]} 13... b5 {[%clk 1:10:12]} 14. Nf3 {[%clk 0:59:13]} 14... Nd7 { [%clk
1:02:57]} 15. Rad1 {[%clk 0:57:26]} 15... Bb7 {[%clk 1:00:40]} 16. Rfe1 { [%clk
0:49:44]} 16... Rfe8 {[%clk 0:48:36]} 17. Kh1 {[%clk 0:48:01]} 17... Bf8 {[%clk
0:47:29]} 18. fxe5 {[%clk 0:38:14]} 18... dxe5 {[%clk 0:46:05]} 19. c4 { [%clk
0:30:58]} 19... Rac8 {[%clk 0:39:09]} 20. cxb5 {[%clk 0:26:30]} 20... Qxc2
{[%clk 0:37:02]} 21. Bxc2 {[%clk 0:26:57]} 21... Rxc2 {[%clk 0:36:34]} 22. Rxd7
{[%clk 0:26:54]} 22... Bxe4 {[%clk 0:35:56]} 23. bxa6 {[%clk 0:26:31]} 23...
Bxf3 {[%clk 0:33:59]} 24. gxf3 {[%clk 0:26:55]} 24... Rxb2 { [%clk 0:34:16]}
25. a7 {[%clk 0:23:39]} 25... Ra8 {[%clk 0:09:19]} 26. Red1 { [%clk 0:19:03]}
26... Rxa2 {[%clk 0:08:11]} 27. Rb1 {[%clk 0:17:50]} 27... Rc8 {[%clk 0:05:57]}
28. Rb8 {[%clk 0:16:47]} 28... Ra1+ {[%clk 0:05:28]} 29. Kg2 { [%clk 0:16:59]}
29... Rc2+ {[%clk 0:05:40]} 30. Kg3 {[%clk 0:17:12]} 30... f5 { [%clk 4:47:20]}
31. Kh4 {[%clk 0:11:08]} 31... Ra4+ {[%clk 0:03:50]} 32. Kg5 { [%clk 0:10:40]}
32... f4 {[%clk 0:02:40]} 33. a8=Q {[%clk 0:08:59]} 33... Rxa8 {[%clk 0:02:30]}
34. Rxa8 {[%clk 0:09:25]} 34... fxe3 {[%clk 0:02:29]} 35. Rdd8 {[%clk 0:09:18]}
35... Rg2+ {[%clk 0:02:18]} 36. Kf5 {[%clk 0:08:49]} 36... g5 {[%clk 0:01:27]}
37. Kf6 {[%clk 0:08:56]} 37... h5 {[%clk 0:01:16]} 38. Rxf8+ { [%clk 0:09:21]}
38... Kh7 {[%clk 0:01:43]} 39. Rh8# 1-0

[Event "DEM U16w 2017"]
[Site "Willingen GER"]
[Date "2017.06.06"]
[Round "4"]
[White "Mütsch, Annmarie"]
[Black "Schulze, Lara"]
[Result "0-1"]
[Termination "normal"]
[Board "2"]
[BlackTitle "WFM"]
[WhiteElo "2124"]
[BlackElo "2171"]
[WhiteClock "00:00:36"]
[BlackClock "00:06:25"]
[PlyCount "66"]
[WhiteFideId "12971367"]
[BlackFideId "12956830"]
[EventCountry "GER"]
[EventRounds "9"]
[EventType "swiss"]
[EventDate "2017.06.03"]

1. e4 {[%clk 1:30:58]} 1... c5 {[%clk 1:30:59]} 2. Nf3 {[%clk 1:31:18]} 2...
Nc6 {[%clk 1:31:24]} 3. d4 {[%clk 1:31:43]} 3... cxd4 {[%clk 1:31:49]} 4. Nxd4
{[%clk 1:32:08]} 4... Nf6 {[%clk 1:32:11]} 5. Nc3 {[%clk 1:32:32]} 5... d6 {
[%clk 1:32:35]} 6. f3 {[%clk 1:31:42]} 6... e5 {[%clk 1:32:59]} 7. Nb3 { [%clk
1:31:27]} 7... Be7 {[%clk 1:33:21]} 8. Be2 {[%clk 1:30:55]} 8... O-O { [%clk
1:32:30]} 9. Be3 {[%clk 1:25:15]} 9... a5 {[%clk 1:25:56]} 10. Nd5 { [%clk
1:01:12]} 10... Nxd5 {[%clk 1:15:46]} 11. exd5 {[%clk 1:01:36]} 11... Nb8
{[%clk 1:15:44]} 12. O-O {[%clk 0:56:06]} 12... f5 {[%clk 1:07:38]} 13. c4 {
[%clk 0:48:13]} 13... Nd7 {[%clk 1:02:34]} 14. Qd2 {[%clk 0:40:13]} 14... Kh8 {
[%clk 0:59:13]} 15. Rac1 {[%clk 0:34:23]} 15... f4 {[%clk 0:57:07]} 16. Bf2 {
[%clk 0:34:21]} 16... b6 {[%clk 0:56:21]} 17. Bd3 {[%clk 0:28:33]} 17... g5 {
[%clk 0:44:34]} 18. h3 {[%clk 0:26:15]} 18... Nf6 {[%clk 0:38:19]} 19. Rfd1 {
[%clk 0:18:39]} 19... h5 {[%clk 0:33:19]} 20. Qc2 {[%clk 0:15:10]} 20... g4 {
[%clk 0:24:59]} 21. hxg4 {[%clk 0:15:07]} 21... hxg4 {[%clk 0:25:11]} 22. Kf1 {
[%clk 0:14:43]} 22... g3 {[%clk 0:19:32]} 23. Be1 {[%clk 0:13:31]} 23... Kg7 {
[%clk 0:19:21]} 24. Bc3 {[%clk 0:03:56]} 24... a4 {[%clk 0:16:22]} 25. Nd2 {
[%clk 0:03:36]} 25... Rh8 {[%clk 0:15:55]} 26. Ke2 {[%clk 0:03:07]} 26... Rh2 {
[%clk 0:12:44]} 27. Rg1 {[%clk 0:03:00]} 27... Bh3 {[%clk 0:09:31]} 28. Kf1 {
[%clk 0:02:00]} 28... b5 {[%clk 0:08:37]} 29. Qd1 {[%clk 0:00:36]} 29... Qb6 {
[%clk 0:08:11]} 30. c5 {[%clk 0:00:35]} 30... Qxc5 {[%clk 0:07:18]} 31. Ne4 {
[%clk 0:00:34]} 31... Qb6 {[%clk 0:07:01]} 32. Qd2 {[%clk 0:00:33]} 32... Nxd5
{[%clk 0:06:27]} 33. Ke2 {[%clk 0:00:36]} 33... Bxg2 {[%clk 0:06:25]} 0-1

[Event "DEM U16w 2017"]
[Site "Willingen GER"]
[Date "2017.06.06"]
[Round "4"]
[White "Browning, Rebecca"]
[Black "Ratay, Meike"]
[Result "1-0"]
[Termination "normal"]
[Board "3"]
[WhiteElo "1777"]
[BlackElo "1767"]
[WhiteClock "00:21:10"]
[BlackClock "00:00:34"]
[PlyCount "87"]
[WhiteFideId "12984027"]
[BlackFideId "12977608"]
[EventCountry "GER"]
[EventRounds "9"]
[EventType "swiss"]
[EventDate "2017.06.03"]

1. d4 {[%clk 1:30:58]} 1... Nf6 {[%clk 1:30:54]} 2. c4 {[%clk 1:31:19]} 2... e6
{[%clk 1:31:18]} 3. Nc3 {[%clk 1:31:23]} 3... Bb4 {[%clk 1:31:06]} 4. Nf3 {
[%clk 1:24:59]} 4... O-O {[%clk 1:27:45]} 5. Bg5 {[%clk 1:22:15]} 5... b6 {
[%clk 1:18:42]} 6. e3 {[%clk 1:19:49]} 6... Bb7 {[%clk 1:16:18]} 7. Bd3 { [%clk
1:19:25]} 7... d6 {[%clk 1:10:14]} 8. Qc2 {[%clk 1:15:09]} 8... h6 { [%clk
1:07:33]} 9. Bh4 {[%clk 1:14:20]} 9... c5 {[%clk 1:01:41]} 10. O-O-O { [%clk
1:12:30]} 10... cxd4 {[%clk 0:54:07]} 11. exd4 {[%clk 1:10:43]} 11... Nbd7
{[%clk 0:52:24]} 12. Nd2 {[%clk 0:58:40]} 12... g5 {[%clk 0:40:07]} 13. Bg3
{[%clk 0:58:14]} 13... Bxg2 {[%clk 0:33:15]} 14. Rhg1 {[%clk 0:58:28]} 14...
Bh3 {[%clk 0:30:30]} 15. f4 {[%clk 0:57:30]} 15... Bxc3 {[%clk 0:27:56]} 16.
bxc3 {[%clk 0:57:27]} 16... g4 {[%clk 0:27:19]} 17. Ne4 {[%clk 0:53:54]} 17...
Nxe4 {[%clk 0:26:11]} 18. Bxe4 {[%clk 0:54:19]} 18... Rc8 {[%clk 0:26:15] } 19.
f5 {[%clk 0:53:26]} 19... Qg5+ {[%clk 0:23:40]} 20. Kb1 {[%clk 0:53:04]} 20...
e5 {[%clk 0:19:56]} 21. dxe5 {[%clk 0:49:36]} 21... Nxe5 {[%clk 0:20:19]} 22.
Bxe5 {[%clk 0:49:54]} 22... dxe5 {[%clk 0:20:43]} 23. Bd5 {[%clk 0:48:51]}
23... Rc5 {[%clk 0:17:28]} 24. Rd3 {[%clk 0:46:11]} 24... Qh5 {[%clk 0:14:18]}
25. Re3 {[%clk 0:41:06]} 25... Re8 {[%clk 0:13:24]} 26. Qd3 {[%clk 0:40:12]}
26... Kf8 {[%clk 0:12:46]} 27. Be4 {[%clk 0:38:48]} 27... Qh4 {[%clk 0:08:54]}
28. Qd6+ {[%clk 0:36:48]} 28... Kg7 {[%clk 0:08:38]} 29. Qd3 {[%clk 0:35:09]}
29... Kh8 {[%clk 0:08:22]} 30. Reg3 {[%clk 0:33:37]} 30... Qf6 {[%clk 0:07:21]}
31. Rd1 {[%clk 0:32:01]} 31... Rcc8 {[%clk 0:05:51]} 32. Qe2 {[%clk 0:23:56]}
32... Red8 {[%clk 0:05:22]} 33. Rgd3 {[%clk 0:24:00]} 33... Rxd3 { [%clk
0:04:45]} 34. Qxd3 {[%clk 0:24:18]} 34... Rc7 {[%clk 0:04:00]} 35. Qd5 { [%clk
0:22:36]} 35... Kg7 {[%clk 0:01:31]} 36. Bc2 {[%clk 0:20:04]} 36... Rc8 { [%clk
0:01:23]} 37. Qd7 {[%clk 0:19:27]} 37... Rxc4 {[%clk 0:01:12]} 38. Rd6 { [%clk
0:19:39]} 38... Qh4 {[%clk 0:00:34]} 39. f6+ {[%clk 0:20:04]} 39... Qxf6 {[%clk
0:00:45]} 40. Rxf6 {[%clk 0:20:29]} 40... Kxf6 {[%clk 0:01:14]} 41. Qd6+ {[%clk
0:20:50]} 41... Kg7 {[%clk 0:00:35]} 42. Qxe5+ {[%clk 0:21:12]} 42... Kg8
{[%clk 0:00:41]} 43. Bb3 {[%clk 0:21:08]} 43... Rc8 {[%clk 0:00:34]} 44. Qe7
{[%clk 0:21:10]} 1-0